[Event "AUTO-INT-3324"]
[Site "http://www.queenalice.com/game.php?id=1518432"]
[Date "2018.3.5"]
[Round "1"]
[White "saturnin"]
[Black "EUGENIO"]
[Result "0-1"]
[WhiteElo "1419"]
[BlackElo "1613"]

1. b3 e5 2. a4 Nf6 3. d3 Bc5 4. Bd2 d6 5. b4 Bd4 6. c3 Bxf2+ 7. Kxf2 Ng4+ 8. Ke1
Qh4+ 9. g3 Qh5 10. h3 Nf6 11. Nf3 Qg6 12. g4 Nd5 13. e4 Ne7 14. Bg2 f6 15. Qe2
Nbc6 16. Ra3 Qf7 17. d4 exd4 18. cxd4 a6 19. Bc3 d5 20. exd5 Qxd5 21. Ne5 Qe6
22. d5 Nxd5 23. Nxc6 bxc6 24. Bf1 O-O 25. Qxe6+ Bxe6 26. Bd2 Rab8 27. Bxa6 Nxb4
28. Bxb4 c5 29. Bxc5 Rxb1+ 30. Kf2 Rxh1 31. Bxf8 Kxf8 32. a5 Bd5 33. Rd3 c6 34.
Bb7 Rh2+ 0-1

[Event "AUTO-INT-3324"]
[Site "http://www.queenalice.com/game.php?id=1518433"]
[Date "2018.3.5"]
[Round "1"]
[White "EUGENIO"]
[Black "Nelsonbento"]
[Result "0-1"]
[WhiteElo "1723"]
[BlackElo "1665"]

1. e4 e5 2. Nf3 Qf6 3. d3 a5 4. Be2 Bc5 5. O-O h6 6. Nc3 c6 7. Na4 Ba7 8. Bd2 b5
9. Nc3 Ne7 10. Nb1 d5 11. exd5 Nxd5 12. Kh1 Qg6 13. Nxe5 Qd6 14. Bf4 Nxf4 15. d4
Bxd4 16. Nxf7 Kxf7 17. c3 Be5 18. Qe1 Qd5 19. Nd2 Qxg2# 0-1

[Event "AUTO-INT-3324"]
[Site "http://www.queenalice.com/game.php?id=1518434"]
[Date "2018.3.5"]
[Round "1"]
[White "Nelsonbento"]
[Black "EUGENIO"]
[Result "1-0"]
[WhiteElo "1686"]
[BlackElo "1667"]

1. d4 e6 2. h4 d5 3. Bf4 Nc6 4. Qd2 Nf6 5. f3 Bd7 6. a4 Be7 7. g4 b6 8. Na3 Qc8
9. Nh3 a5 10. c3 Ng8 11. Bg2 Bxa3 12. Rxa3 Nge7 13. O-O O-O 14. g5 Nf5 15. h5
Nce7 16. e4 Nd6 17. g6 Nc4 18. gxh7+ Kxh7 19. Ng5+ Kg8 20. Qc1 Nxa3 21. bxa3 1-0

[Event "AUTO-INT-3324"]
[Site "http://www.queenalice.com/game.php?id=1518435"]
[Date "2018.3.5"]
[Round "1"]
[White "EUGENIO"]
[Black "Jomaley"]
[Result "1-0"]
[WhiteElo "1588"]
[BlackElo "1553"]

1. e4 e5 2. Nf3 Bd6 3. Bc4 c6 4. d3 Qf6 5. Bg5 Qg6 6. Nbd2 f6 7. Be3 b5 8. Bb3
h5 9. g3 Bb4 10. Nh4 Bxd2+ 11. Qxd2 Ne7 12. Nxg6 Nxg6 13. c4 Ba6 14. Qa5 O-O 15.
cxb5+ Kh7 16. bxa6 f5 17. Bc5 Rf6 18. exf5 Rxf5 19. Qd8 Nxa6 20. Qxa8 Nxc5 21.
Bg8+ Kh6 22. O-O Nxd3 23. Qxa7 Nf8 24. Qe3+ Nf4 25. gxf4 exf4 26. Qe4 Kg6 27.
Kh1 h4 28. Rg1+ Kf6 29. Rad1 d5 30. Qd4+ Ke7 31. Rxg7+ Kd6 32. Qb4+ c5 33. Qb6+
Ke5 34. Re7+ Ne6 35. Rxe6# 1-0

[Event "AUTO-INT-3324"]
[Site "http://www.queenalice.com/game.php?id=1518436"]
[Date "2018.3.5"]
[Round "1"]
[White "Jomaley"]
[Black "EUGENIO"]
[Result "0-1"]
[WhiteElo "1385"]
[BlackElo "1546"]

1. e4 e5 2. Nf3 Nc6 3. c3 Nf6 4. Bd3 d6 5. Bb5 Bd7 6. d3 Be7 7. h3 Na5 8. Bxd7+
Qxd7 9. b4 Nc6 10. Bg5 Nh5 11. Bxe7 Qxe7 12. Qd2 Nf4 13. O-O O-O 14. b5 Nd8 15.
h4 Qf6 16. Ng5 Nde6 17. Nxe6 Qxe6 18. Qe3 Ng6 19. Qg3 Nf4 20. Re1 g6 21. h5 Nxh5
22. Qf3 Rab8 23. c4 f5 24. exf5 Rxf5 25. Qe3 b6 26. g4 Rf4 27. gxh5 Qg4+ 28. Qg3
Qxh5 29. Nd2 Rg4 30. Re3 Rxg3+ 31. Rxg3 Rf8 32. Ne4 Rf3 33. Rg2 Kg7 34. Nd2 Rxd3
35. Nf1 Rc3 36. Nd2 Qe2 37. Nb1 Rc1+ 38. Kh2 Qh5+ 39. Kg3 Qg5+ 40. Kf3 Qf4+ 41.
Ke2 Qxc4+ 42. Kf3 Qf4+ 43. Ke2 Qe4+ 44. Kd2 Rc2+ 45. Kd1 Qe2# 0-1

[Event "AUTO-OPEN-3909"]
[Site "http://www.queenalice.com/game.php?id=1518502"]
[Date "2018.3.5"]
[Round "1"]
[White "victorbush2"]
[Black "EUGENIO"]
[Result "1/2-1/2"]
[WhiteElo "1938"]
[BlackElo "1599"]

1. d4 d5 2. Nc3 Nf6 3. Bf4 Nc6 4. Nf3 e6 5. e3 Bb4 6. a3 Ba5 7. b4 Bb6 8. Bd3
Bd7 9. O-O Ne7 10. e4 dxe4 11. Nxe4 Nxe4 12. Bxe4 c6 13. c4 O-O 14. h3 Bc7 15.
Bxc7 Qxc7 16. Qc2 a6 17. Bxh7+ Kh8 18. Rad1 g6 19. Ng5 Qf4 20. Qd2 Qxd2 21. Rxd2
f6 22. Bxg6 Nxg6 23. Nf3 Kg7 24. g3 Rh8 25. Kh2 Rad8 26. c5 Be8 27. Rfd1 Bf7 28.
h4 Ne7 29. Kh3 f5 30. Ng5 Bh5 31. Nxe6+ Kf6 32. Re1 Rdg8 33. Ng5 Bg4+ 34. Kg2
Nd5 35. Rd3 f4 36. f3 Bc8 37. Rh1 Bf5 38. Rd2 1/2-1/2

[Event "AUTO-OPEN-3909"]
[Site "http://www.queenalice.com/game.php?id=1518503"]
[Date "2018.3.5"]
[Round "1"]
[White "EUGENIO"]
[Black "victorbush2"]
[Result "1/2-1/2"]
[WhiteElo "1578"]
[BlackElo "1922"]

1. e4 e5 2. Nf3 Nc6 3. Bb5 d6 4. Bxc6+ bxc6 5. d3 Nf6 6. Nc3 Be7 7. Bg5 O-O 8.
Bxf6 Bxf6 9. Qd2 Bb7 10. O-O Re8 11. a3 d5 12. d4 exd4 13. Nxd4 dxe4 14. Rad1
Bxd4 15. Qxd4 Qxd4 16. Rxd4 f5 17. Rd7 Rac8 18. Rfd1 g5 19. Na4 Ba6 20. Nc5 Bc4
21. R7d4 Bf7 22. Nd7 Kg7 23. Nc5 Bg6 24. Nb3 f4 25. Na5 Re6 26. h3 e3 27. Re1
Bxc2 28. fxe3 fxe3 29. Nc4 e2 30. b4 Bb3 31. Nb2 Bd5 32. Rd2 Rce8 33. Na4 Bb3
34. Nc5 Re3 35. Nxb3 Rxb3 36. Rdxe2 Rf8 37. Re3 Rxe3 38. Rxe3 Rf7 39. Rc3 Rf6
40. Rc5 h6 41. Ra5 c5 42. Rxc5 Ra6 43. Rxc7+ Kg6 44. Rc3 Kf5 45. Kf2 Ke4 46. Ke2
Rf6 47. Re3+ Kd4 48. g3 Kc4 49. Rd3 Re6+ 50. Kd2 Rf6 51. Rc3+ Kd4 52. Rd3+ Kc4
53. Ke2 Re6+ 54. Kd2 Rf6 1/2-1/2

[Event "AUTO-OPEN-3909"]
[Site "http://www.queenalice.com/game.php?id=1518522"]
[Date "2018.3.5"]
[Round "1"]
[White "ismaelfln"]
[Black "EUGENIO"]
[Result "1-0"]
[WhiteElo "1601"]
[BlackElo "1652"]

1. e4 e5 2. Nf3 Nc6 3. Bb5 d6 4. Bxc6+ bxc6 5. O-O Nf6 6. d3 Bg4 7. h3 Bxf3 8.
Qxf3 Be7 9. Bg5 Nd7 10. c4 Bxg5 11. b4 Rb8 12. b5 cxb5 13. cxb5 Rxb5 14. Nc3 1-0

[Event "AUTO-OPEN-3909"]
[Site "http://www.queenalice.com/game.php?id=1518523"]
[Date "2018.3.5"]
[Round "1"]
[White "EUGENIO"]
[Black "ismaelfln"]
[Result "0-1"]
[WhiteElo "1634"]
[BlackElo "1619"]

1. e4 e5 2. Nf3 Nc6 3. Bb5 a6 4. Bxc6 dxc6 5. d3 Nf6 6. Nxe5 Bc5 7. Bg5 h6 8.
Bxf6 Qxf6 9. d4 Bb4+ 10. c3 Bd6 11. Nf3 Qg6 12. Nh4 Qg5 0-1

[Event "AUTO-OPEN-3909"]
[Site "http://www.queenalice.com/game.php?id=1518534"]
[Date "2018.3.5"]
[Round "1"]
[White "EUGENIO"]
[Black "petrosian369"]
[Result "0-1"]
[WhiteElo "1616"]
[BlackElo "2080"]

1. e4 c6 2. Nf3 d5 3. exd5 cxd5 4. Bb5+ Nc6 5. Ne5 Bd7 6. Qf3 Nxe5 7. Qxd5 Nc6
8. Bxc6 Bxc6 9. Qxd8+ Rxd8 10. O-O e6 11. b3 Nf6 12. Bb2 Be7 13. d3 O-O 14. Nd2
Nd5 15. Ne4 Nb4 16. Ba3 Nd5 17. Bxe7 Nxe7 18. Rfe1 Bxe4 19. Rxe4 Nc6 20. g3 Rd7
0-1

[Event "AUTO-OPEN-3909"]
[Site "http://www.queenalice.com/game.php?id=1518535"]
[Date "2018.3.5"]
[Round "1"]
[White "petrosian369"]
[Black "EUGENIO"]
[Result "1-0"]
[WhiteElo "2078"]
[BlackElo "1618"]

1. d4 d5 2. Bf4 Nc6 3. e3 Bf5 4. Bd3 Bxd3 5. Qxd3 e6 6. Nf3 Nf6 7. Nbd2 Nb4 8.
Qc3 Nc6 9. a3 Bd6 10. Bg3 Bxg3 11. hxg3 Qd6 12. Qd3 O-O-O 13. O-O-O Ng4 14. Qe2
Na5 15. Kb1 f5 16. Ng5 Qe7 17. Ngf3 Kb8 18. Nh2 Nxh2 19. Rxh2 1-0

[Event "Challenge"]
[Site "http://www.queenalice.com/game.php?id=1523948"]
[Date "2018.4.17"]
[Round "-"]
[White "apap127"]
[Black "EUGENIO"]
[Result "1-0"]
[WhiteElo "1690"]
[BlackElo "1592"]

1. e4 e5 2. Nf3 Nc6 3. Bc4 Nf6 4. Nc3 Bb4 5. d3 d5 6. exd5 Nxd5 7. Bxd5 Qxd5 8.
Bd2 Bxc3 9. Bxc3 Bg4 10. O-O O-O-O 11. Re1 f6 12. Re3 Rhe8 13. h3 Bh5 14. g4 Bf7
15. Qe2 h5 16. Nd2 hxg4 17. Qxg4+ Be6 18. Qg2 Qd7 19. b3 Nd4 20. Bxd4 exd4 21.
Rg3 Bd5 22. f3 Re3 23. Rxg7 Qf5 24. Rf1 Be6 25. Kh2 Bd5 26. Rg3 Qe5 27. Rf2 Rg8
28. Nf1 Re1 29. f4 Rxg3 30. Qxg3 Qe7 31. a4 Re2 32. Qg4+ Re6 33. c4 Bc6 34. Ng3
Bd7 35. Qg8+ Be8 36. Nf5 Qd7 37. Ng7 Re7 38. Nxe8 Rxe8 39. Qg4 Qxg4 40. hxg4 1-0

[Event "AUTO-INT-3308"]
[Site "http://www.queenalice.com/game.php?id=1530376"]
[Date "2018.6.8"]
[Round "2"]
[White "Givanildo"]
[Black "EUGENIO"]
[Result "1-0"]
[WhiteElo "1556"]
[BlackElo "1562"]

1. e3 e5 2. Bc4 Nf6 3. h3 c6 4. d3 d5 5. Bb3 Be6 6. Qe2 Nbd7 7. Nf3 Bd6 8. O-O
Qc7 9. Nbd2 O-O 10. d4 Rfe8 11. dxe5 Nxe5 12. Nxe5 Bxe5 13. c3 Rad8 14. Nf3 c5
15. Nxe5 Qxe5 16. f4 Qc7 17. Ba4 Re7 18. Bb3 Ne4 19. Qf3 Qc6 20. Bc2 Bf5 21. g4
Bd7 22. f5 Qc7 23. Bxe4 dxe4 24. Qf2 Bb5 25. Bd2 Bxf1 26. Kxf1 Qb6 27. b3 Qd6
28. Rd1 1-0

[Event "AUTO-INT-3308"]
[Site "http://www.queenalice.com/game.php?id=1530377"]
[Date "2018.6.8"]
[Round "2"]
[White "EUGENIO"]
[Black "Givanildo"]
[Result "0-1"]
[WhiteElo "1580"]
[BlackElo "1538"]

1. e4 d5 2. exd5 Qxd5 3. Nc3 Qe5+ 4. Qe2 Qxe2+ 5. Bxe2 e6 6. Nf3 h6 7. d3 Bd7 8.
Bf4 Na6 9. d4 Bb4 10. Bd2 O-O-O 11. Bxa6 bxa6 12. O-O Bc6 13. Ne5 Be8 14. a3
Rxd4 15. Be3 Bxc3 16. bxc3 Re4 17. Nd3 Nf6 18. Bxa7 Rc4 19. Bd4 Ne4 20. Ne5 Rxd4
21. cxd4 f6 22. Nd3 Bb5 23. a4 Bxd3 24. cxd3 Nd2 25. Rfe1 e5 26. dxe5 fxe5 27.
Rxe5 Rd8 0-1

[Event "AUTO-INT-3308"]
[Site "http://www.queenalice.com/game.php?id=1530382"]
[Date "2018.6.8"]
[Round "2"]
[White "EUGENIO"]
[Black "jeffcom2f"]
[Result "0-1"]
[WhiteElo "1601"]
[BlackElo "1707"]

1. e4 e5 2. Nf3 d6 3. Bc4 Bg4 4. h3 Bxf3 5. Qxf3 Nf6 6. d3 Be7 7. Nc3 O-O 8. Bg5
Nbd7 9. O-O a6 10. Bxf6 Bxf6 11. Nd5 c6 12. Nxf6+ Nxf6 13. Rfe1 b5 14. Bb3 a5
15. a4 b4 16. Bc4 Qb6 17. Reb1 Qb7 18. Kh1 Nd7 0-1

[Event "AUTO-INT-3308"]
[Site "http://www.queenalice.com/game.php?id=1530383"]
[Date "2018.6.8"]
[Round "2"]
[White "jeffcom2f"]
[Black "EUGENIO"]
[Result "1-0"]
[WhiteElo "1719"]
[BlackElo "1589"]

1. c4 e5 2. Nc3 Nc6 3. e3 Nf6 4. Be2 d6 5. Nf3 Be7 6. O-O Be6 7. a3 O-O 8. d4
exd4 9. Nxd4 Nxd4 10. exd4 c6 11. Bg5 h6 12. Bh4 Nh7 13. Bxe7 Qxe7 14. d5 cxd5
15. cxd5 Bd7 16. Re1 Qg5 17. g3 Qg6 18. Bd3 Bf5 19. Bxf5 1-0

[Event "AUTO-INT-3308"]
[Site "http://www.queenalice.com/game.php?id=1530384"]
[Date "2018.6.8"]
[Round "2"]
[White "EUGENIO"]
[Black "sphagnis"]
[Result "0-1"]
[WhiteElo "1615"]
[BlackElo "1658"]

1. e4 e5 2. Nf3 Nc6 3. Bb5 d6 4. Bxc6+ bxc6 5. h3 h6 6. Nc3 Be6 7. d3 d5 8. Nxe5
Qd6 9. Nf3 dxe4 10. dxe4 Qxd1+ 0-1

[Event "AUTO-INT-3308"]
[Site "http://www.queenalice.com/game.php?id=1530385"]
[Date "2018.6.8"]
[Round "2"]
[White "sphagnis"]
[Black "EUGENIO"]
[Result "1-0"]
[WhiteElo "1672"]
[BlackElo "1601"]

1. e4 e5 2. Bc4 Nf6 3. d3 h6 4. Nf3 d6 5. Nc3 Nc6 6. Be3 Be7 7. h3 Bd7 8. Bd5
O-O 9. a3 Rb8 10. b4 b6 11. d4 1-0